000 00552nam a22001937a 4500
999 _c7515
_d7515
003 OSt
005 20211122154303.0
008 211122b ||||| |||| 00| 0 eng d
020 _a0521623359
040 _cDDC
082 _a523.112VAN1998
100 _aVan Den Bergh Sidney
_915382
245 _aGalaxy Morphology and Classification
_cVan Den Bergh Sidney
260 _aUnited Kingdom
_bCambridge University Press
_c1998
300 _aix,111p;
_bill;
_c21cm
504 _aIncludes Reference &Index
650 _2classification
942 _2ddc
_cO_SHELF